|
|
|
|
| LEADER |
01521nam a2200397Ia 4500 |
| 001 |
EBC1134989 |
| 003 |
MiAaPQ |
| 005 |
20200520144314.0 |
| 006 |
m o d | |
| 007 |
cr cn||||||||| |
| 008 |
090928s2009 sg a sb 000 0 eng d |
| 010 |
|
|
|z 2009324281
|
| 020 |
|
|
|z 9782869782518 (pbk.)
|
| 020 |
|
|
|z 2869782519 (pbk.)
|
| 035 |
|
|
|a (MiAaPQ)EBC1134989
|
| 035 |
|
|
|a (Au-PeEL)EBL1134989
|
| 035 |
|
|
|a (CaPaEBR)ebr10344556
|
| 035 |
|
|
|a (CaONFJC)MIL290129
|
| 035 |
|
|
|a (OCoLC)741350867
|
| 040 |
|
|
|a MiAaPQ
|c MiAaPQ
|d MiAaPQ
|
| 050 |
|
4 |
|a HD6250.A47
|b C45 2009
|
| 245 |
0 |
0 |
|a Children and youth in the labour process in Africa
|h [electronic resource] /
|c edited by Osita Agbu.
|
| 260 |
|
|
|a Dakar :
|b Council for the Developement of Social Science Research in Africa ;
|a Oxford, U.K. :
|b Distributed elsewhere by African Books Collective,
|c c2009.
|
| 300 |
|
|
|a 227 p. :
|b ill.
|
| 490 |
1 |
|
|a Codesria book series
|
| 504 |
|
|
|a Includes bibliographical references.
|
| 533 |
|
|
|a Electronic reproduction. Ann Arbor, MI : ProQuest, 2015. Available via World Wide Web. Access may be limited to ProQuest affiliated libraries.
|
| 546 |
|
|
|a English and French.
|
| 650 |
|
0 |
|a Child labor
|z Africa.
|
| 650 |
|
0 |
|a Child labor
|x Law and legislation
|z Africa.
|
| 655 |
|
4 |
|a Electronic books.
|
| 700 |
1 |
|
|a Agbu, Osita.
|
| 710 |
2 |
|
|a Codesria.
|
| 710 |
2 |
|
|a ProQuest (Firm)
|
| 830 |
|
0 |
|a Codesria book series.
|
| 856 |
4 |
0 |
|u https://ebookcentral.proquest.com/lib/matrademy/detail.action?docID=1134989
|z Click to View
|